Регионална библиотека "Любен Каравелов" - Русе

Гала (Запис номер 126692)

MARC детайли
000 -Лидер
Контролно поле с фиксирана дължина 01664nam a2200409 c 4500
003 - Код на организацията, давaща контролен номер
Контролно поле BLK
005 - Дата и час на последна редакция
Контролно поле 20230512121352.0
008 - Елементи от данни с фиксирана дължина
fixed length control field 180409b bul|||||r ||||||| ||bul||
010 ## - Наследен системен номер
LC control number KNG00132380000
020 ## - Международен стандартен номер на книга ISBN
Международен стандартен номер на книга ISBN 978-954-320-275-1
-- издат.: Рива
040 ## - Източник на каталожния запис
Идентификатор на билиотеката - собственик на записа BLK
041 ## - Код за език
Код за езика на текст/звукозапис или на отделно заглавие Български
Код за езика КДБФ Български
072 #7 - Код за тематичната категория
Код организация bullib
Код за тематична категория Н83
Текст Чужда художествена литература Н
080 ## - УДК
Текстов определител УДК Френска литература
УДК код - определител по УДК 821.133.1
УДК определител -94
УДК - код + определител 821.133.1-94
080 ## - УДК
Текстов определител УДК Дяконова, Елена Дмитриевна. Съпруга на френския поет Пол Елюар, а по-късно на художника Салвадор Дали, тяхна муза и вдъхновителка
УДК код - определител по УДК 929 Гала
УДК определител
УДК - код + определител 929 Гала
100 1# - Редна дума - Автор
Автор Бона, Доминик
Авторска отговорност първи автор
R(LIN) 41184
139 ## - Редно поле
Редна дума Бона, Доминик
Авторски знак Бон - Б 62
245 10 - Сведения за заглавието
Заглавие Гала
Редно поле (дума) Доминик Бона; прев. от фр. Кина Илиева.
257 ## - Страна на издаване
Страна на създаване/издаване Франция
260 ## - Област на издателските данни
-- София
Име на издателя, разпространителя и проч. Рива
Година на издаване 2010
Печатница В. Търново : Абагар
300 ## - Физическа характеристика
Страници 360 с.
Размери/Мащаб 23 см
380 ## - Жанр
Жанр Худож. лит.
500 ## - Общи забележки
Забележка Ориг. загл. Gala / Dominique Bona.
600 14 - Име на лице, използвано като предмет
За него / За нея Гала
9 (RLIN) 320256
600 14 - Име на лице, използвано като предмет
За него / За нея Елюар, Пол
9 (RLIN) 67096
600 14 - Име на лице, използвано като предмет
За него / За нея Дали, Салвадор
9 (RLIN) 363427
650 #4 - Допълнително описание по предмет – тема
Основно описание – тема или топоним Гала
9 (RLIN) 320256
653 ## - Ключова дума – ненормативна
Ключова дума Гала
653 ## - Ключова дума – ненормативна
Ключова дума романизувани биографии
659 ## - Тематичен бюлетин
Тематичен бюлетин Н
700 1# - Други автори (авторска отговорност)
Лично име Илиева, Кина
Автороска отговорност (Описва отношението между автора и произведението) прев. от фр.
9 (RLIN) 290806
852 ## - Местоположение
Форматна сигнатура Цб 255830
856 4# - Електронен адрес и достъп
Електронен формат pdf - файл
Път до файла /url/
856 4# - Електронен адрес и достъп
Електронен формат pdf - файл
Път до файла /url/
942 ## - АРТИКУЛИ
Вид на библиотечния материал Книги
Скрит в OPAC Не
Koha issues (borrowed), all copies 1
944 ## - СЪЗДАВАНЕ И РЕДАКЦИЯ на ЗАПИСА
Създаване/Редакция Създаване
Дата на регистрацията/редакция 23.07.2012
Статус, дата на статуса ф /
Служител, извършил регистрацията/редакцията Геновева_Генчева
944 ## - СЪЗДАВАНЕ И РЕДАКЦИЯ на ЗАПИСА
Създаване/Редакция Редакция
Дата на регистрацията/редакция 20.09.2016
Статус, дата на статуса ф /
Служител, извършил регистрацията/редакцията Виолета_Тройчева
999 ## - СИСТЕМНИ КОНТРОЛНИ НОМЕРА
Koha biblionumber 126692
Koha biblioitemnumber 126692
Наличности
Код за отписване Код за изгубен артикул Код за повреда Коз за рестрикции Код за отдаване Артикулен № Име на библиотеката - собственик Име на библиотеката, в която се намира в момента Статус (Текущо местоположение) Дата на вписване в системата Местоположение - отдел Цена в лева Инвентарен номер Систематично азбучна сигнатура Баркод Номер на екземпляра Цена в евро Служебна бележка Служебен тип на артикула
  Не е изгубен Не е повреден без рестрикции ползва се в читалня 206077 Регионална библиотека "Любен Каравелов" Русе Регионална библиотека "Любен Каравелов" Русе Хранилище 2012-07-23 Хранилище 16.00 120000759039 Цб 255830 120000759039 1 8.18 Дост: Dp Вид: Д N: 25 Дата: 22.06.2011 Книги
  Не е изгубен Не е повреден без рестрикции заемане за дома 206078 Регионална библиотека "Любен Каравелов" Русе Регионална библиотека "Любен Каравелов" Русе Заемна - подръчен фонд 2016-03-14 Заемна - подръчен фонд 5.00 120000798878 П 840-9/Б 62 120000798878 2 2.56 Дост: Pk Вид: Ф N: 1325 Дата: 02.03.2016 Дата инв: 09.02.2018 Бележки инв: П2018 Книги
Vip Innovations Ltd, Rousse, Bulgaria 2025